| 000 | 00755nam a22002057a 4500 | ||
|---|---|---|---|
| 999 |
_c2361 _d2361 |
||
| 003 | AR-CdUCM | ||
| 008 | 190304b ||||| |||| 00| 0 spa d | ||
| 040 |
_aMUNICIPALIDAD PROVINCIAL DEL CUSCO _cBIBLIOTECA MUNICIPAL DEL CUSCO |
||
| 082 |
_a343.7 / _bP151 |
||
| 100 |
_aPalacios Garcia, Luis _98493 |
||
| 245 |
_aPractica procesa civil : _bde acuerdo al nuevo C.P.C.D. leg, n°768 / |
||
| 260 |
_aLima : _bJuridicas , _c1993. |
||
| 300 |
_a572 páginas ; _c20 cm. |
||
| 440 |
_aTeoría y modelos _n3 _98494 |
||
| 505 | _aMedidas cautelares -- Del procedimiento cautelar -- Contracautela -- Órgano de auxilio judicial... | ||
| 650 |
_aMedidas cautelares. _98495 |
||
| 650 |
_aPractica procesal. _98496 |
||
| 942 |
_2ddc _cLIBROS |
||
| 945 |
_awfj _d2019-03-04 |
||